The Principles of Rent Laws / (Record no. 586937)

000 -LEADER
fixed length control field 00402nam a22001457a 4500
082 ## - DEWEY DECIMAL CLASSIFICATION NUMBER
Classification number 346.549104344 MAH
100 ## - MAIN ENTRY--PERSONAL NAME
Personal name Mahmood, M.
245 ## - TITLE STATEMENT
Title The Principles of Rent Laws /
Statement of responsibility, etc. M. Mahmood
250 ## - EDITION STATEMENT
Edition statement 13th Edition.
260 ## - PUBLICATION, DISTRIBUTION, ETC.
Place of publication, distribution, etc. Lahore :
Name of publisher, distributor, etc. Al-Qanoon Publishers,
Date of publication, distribution, etc. 2021.
300 ## - PHYSICAL DESCRIPTION
Extent 1451 p. ;
Dimensions 24 cm.
942 ## - ADDED ENTRY ELEMENTS (KOHA)
Source of classification or shelving scheme
Koha item type Book
Holdings
Withdrawn status Lost status Source of classification or shelving scheme Damaged status Not for loan Permanent Location Current Location Shelving location Date acquired Source of acquisition Full call number Barcode Date last seen Price effective from Koha item type
          NUST Law School (NLS) NUST Law School (NLS) Law 12/01/2021 Pakistan Law House 346.549104344 MAH CL-892 12/01/2021 12/01/2021 Book
© 2023 Central Library, National University of Sciences and Technology. All Rights Reserved.